000 00803nam a22002177a 4500
003 OSt
005 20251128091913.0
008 251128b |||||||| |||| 00| 0 eng d
020 _a978-0-7506-8448-4
040 _aDWC-Main lib.
_cOC
082 _aCirc. 647.9406 L477e 2009
100 _aLee-Ross, Darren
245 _aEntrepreneurship and business management in the hospitality industry/
_cDarren Lee-Ross
260 _aLondon :
_bButterworth-Heinemann,
_cc2009.
300 _aix, 294 pages :
_billustrations ;
_c23 cm. -- (Leisure and tourism series)
504 _aIncludes bibliographical references.
650 _a1. Hospitality industry--Management.
650 _a2. Entrepreneurship.
650 _a3. Small business--Management. I. Lashley, Conrad.
942 _2ddc
_cBK-CIRC
_kCirc.
_n0
999 _c6542
_d6542